[Event "2nd Longtou Cup 2019"]
[Site "Qinhuangdao CHN"]
[Date "2019.04.22"]
[Round "6.1"]
[White "Idani, Pouya"]
[Black "Oparin, Grigoriy"]
[Result "1-0"]
[WhiteTitle "GM"]
[BlackTitle "GM"]
[WhiteElo "2590"]
[BlackElo "2624"]
[WhiteFideId "12510130"]
[BlackFideId "24125890"]
[EventDate "2019.04.16"]

1. e4 c6 2. d4 d5 3. e5 c5 4. dxc5 e6 5. Nf3 Bxc5 6. a3 Ne7 7. b4 Bb6 8. Bb2 Ng6
9. h4 f6 10. exf6 gxf6 11. h5 Ne5 12. Nxe5 fxe5 13. Bxe5 Rf8 14. f4 Nc6 15. Bb5
Bd7 16. Bxc6 Bxc6 17. h6 a5 18. Qd3 Qd7 19. bxa5 Rxa5 20. Nd2 Ra4 21. g3 Qe7 22.
Kd1 Rf5 23. Bg7 Re4 24. Qb3 Ba7 25. Nxe4 dxe4 26. Be5 e3 27. Re1 Rh5 28. Kc1 Qd7
29. Kb2 Bd4+ 30. Kb1 Bxe5 31. fxe5 Rxe5 32. Qc3 Qd5 33. Kc1 e2 34. Rb1 Kd7 35.
Rb4 Kc8 36. Rd4 Qf3 37. Qxf3 Bxf3 38. Rf4 Bh5 39. g4 Bg6 40. Rf2 Re4 41. Rexe2
Rxg4 42. Rxe6 Rh4 43. Re7 Kb8 44. Rf8+ Ka7 45. Rc8 Kb6 46. Rcc7 Be4 47. Rc4 1-0

[Event "2nd Longtou Cup 2019"]
[Site "Qinhuangdao CHN"]
[Date "2019.04.22"]
[Round "6.2"]
[White "Antipov, Mikhail Al."]
[Black "Dai, Changren"]
[Result "1/2-1/2"]
[WhiteTitle "GM"]
[BlackTitle "IM"]
[WhiteElo "2605"]
[BlackElo "2472"]
[WhiteFideId "4107012"]
[BlackFideId "8608156"]
[EventDate "2019.04.16"]

1. c4 e6 2. Nf3 Nf6 3. g3 d5 4. Bg2 dxc4 5. Qa4+ Bd7 6. Qxc4 c5 7. Ne5 Qc8 8.
Qd3 Nc6 9. Nxd7 Nxd7 10. b3 Be7 11. Bb2 O-O 12. O-O Rd8 13. Rc1 Nf6 14. Qc2 Qd7
15. d3 Rac8 16. Nd2 b6 17. a3 Nd5 18. e3 Bf6 19. Bxd5 Qxd5 20. Bxf6 gxf6 21. Ne4
Kg7 22. Rd1 f5 23. Nc3 Qf3 24. Qb2 f6 25. Ne2 Rd6 1/2-1/2

[Event "2nd Longtou Cup 2019"]
[Site "Qinhuangdao CHN"]
[Date "2019.04.22"]
[Round "6.3"]
[White "Zvjaginsev, Vadim"]
[Black "Can, Emre"]
[Result "1/2-1/2"]
[WhiteTitle "GM"]
[BlackTitle "GM"]
[WhiteElo "2641"]
[BlackElo "2599"]
[WhiteFideId "4113403"]
[BlackFideId "6302181"]
[EventDate "2019.04.16"]

1. e4 c5 2. c3 Nf6 3. e5 Nd5 4. Bc4 Nb6 5. Bb3 g6 6. d4 cxd4 7. Qxd4 Bg7 8. Qe4
Nc6 9. Nf3 O-O 10. O-O d5 11. exd6 Qxd6 12. Rd1 Qc7 13. Na3 a6 14. Qh4 Na5 15.
Bh6 Nxb3 16. Ng5 f6 17. Bxg7 fxg5 18. Qh6 Nc5 19. Bxf8 Ne6 20. Re1 Nxf8 21. Qxg5 1/2-1/2

[Event "2nd Longtou Cup 2019"]
[Site "Qinhuangdao CHN"]
[Date "2019.04.22"]
[Round "6.4"]
[White "Lu, Shanglei"]
[Black "Yilmaz, Mustafa"]
[Result "1/2-1/2"]
[WhiteTitle "GM"]
[BlackTitle "GM"]
[WhiteElo "2625"]
[BlackElo "2631"]
[WhiteFideId "8603332"]
[BlackFideId "6302718"]
[EventDate "2019.04.16"]

1. e4 c5 2. Nf3 d6 3. d4 cxd4 4. Nxd4 Nf6 5. Nc3 a6 6. h3 e6 7. g4 h6 8. Bg2 Be7
9. Qe2 Nc6 10. Be3 Nxd4 11. Bxd4 e5 12. Be3 b5 13. O-O-O b4 14. Nd5 Nxd5 15.
exd5 O-O 16. Be4 a5 17. Kb1 Bg5 18. h4 Bxe3 19. fxe3 f5 20. gxf5 Bxf5 1/2-1/2

[Event "2nd Longtou Cup 2019"]
[Site "Qinhuangdao CHN"]
[Date "2019.04.22"]
[Round "6.5"]
[White "Xu, Yinglun"]
[Black "Chen, Qi b"]
[Result "1/2-1/2"]
[WhiteTitle "GM"]
[WhiteElo "2532"]
[BlackElo "2424"]
[WhiteFideId "8604940"]
[BlackFideId "8614733"]
[EventDate "2019.04.16"]

1. Nf3 Nf6 2. c4 e6 3. Nc3 d5 4. d4 Nbd7 5. Bg5 h6 6. Bh4 Be7 7. e3 O-O 8. Bd3
dxc4 9. Bxc4 c5 10. O-O a6 11. a4 Nb6 12. Ba2 cxd4 13. exd4 Nbd5 14. Re1 Nb4 15.
Bb3 Bd7 16. Ne5 Bc6 17. Rc1 Bd5 18. Nxd5 Nfxd5 19. Bg3 Bg5 20. Rc4 Rc8 1/2-1/2

[Event "2nd Longtou Cup 2019"]
[Site "Qinhuangdao CHN"]
[Date "2019.04.22"]
[Round "6.6"]
[White "Oleksiyenko, Mykhaylo"]
[Black "Peng, Hongchi"]
[Result "1-0"]
[WhiteTitle "GM"]
[WhiteElo "2598"]
[BlackElo "2347"]
[WhiteFideId "4152417"]
[BlackFideId "8609047"]
[EventDate "2019.04.16"]

1. e4 c5 2. Nf3 d6 3. d4 cxd4 4. Nxd4 Nf6 5. Nc3 a6 6. Be2 e6 7. O-O Be7 8. f4
O-O 9. Be3 Nc6 10. a4 Qc7 11. Kh1 Bd7 12. Nb3 b6 13. g4 d5 14. e5 Ne4 15. Nxe4
dxe4 16. c3 Rfd8 17. Nd2 Na5 18. Qc2 Bc5 19. Bxc5 bxc5 20. Nxe4 Bc6 21. Bf3 Nc4
22. Qe2 Nb6 23. a5 Nd5 24. Bg2 Rab8 25. Nd6 Ne7 26. Rf2 Bxg2+ 27. Kxg2 Qc6+ 28.
Qf3 Qxf3+ 29. Kxf3 Nc6 30. g5 Kf8 31. Ra4 f6 32. Ne4 fxe5 33. Nxc5 Ke7 34. Nxa6
Rb5 35. Nb4 Na7 36. h4 exf4 37. Kxf4 Rd1 38. Kg3 Re5 39. Nc2 Rg1+ 40. Kh2 Rb1
41. Nd4 Kd6 42. a6 Ree1 43. Rb4 Ra1 44. Rb7 Rxa6 45. Rxa7 1-0

[Event "2nd Longtou Cup 2019"]
[Site "Qinhuangdao CHN"]
[Date "2019.04.22"]
[Round "6.8"]
[White "Karthik, Venkataraman"]
[Black "Peng, Xiongjian"]
[Result "1-0"]
[WhiteTitle "GM"]
[WhiteElo "2505"]
[BlackElo "2459"]
[WhiteFideId "25006479"]
[BlackFideId "8610550"]
[EventDate "2019.04.16"]

1. d4 d5 2. c4 e6 3. Nc3 a6 4. cxd5 exd5 5. Nf3 Nf6 6. Bg5 Be6 7. e3 Nbd7 8. Bd3
Bd6 9. Qc2 h6 10. Bh4 O-O 11. O-O c5 12. dxc5 Nxc5 13. Rfd1 Rc8 14. Rac1 b5 15.
Qb1 Be7 16. Ne2 Nfe4 17. Bxe4 Bxh4 18. Bxd5 Bxd5 19. Nf4 Bxa2 20. Qxa2 Ne4 21.
g3 Rxc1 22. Rxc1 Bf6 23. Ne6 fxe6 24. Qxe6+ Kh8 25. Qxe4 Bxb2 26. Rc6 Qa8 27.
Nh4 Re8 28. Ng6+ Kg8 29. Qc2 Bf6 30. Qb3+ Kh7 31. Rxf6 Rc8 32. f3 Rc1+ 33. Kg2
Qc8 34. Re6 Rc2+ 35. Kh3 Rc3 36. Qd5 Rxe3 37. Qf5 Qc3 38. Ne7+ 1-0

[Event "2nd Longtou Cup 2019"]
[Site "Qinhuangdao CHN"]
[Date "2019.04.22"]
[Round "6.9"]
[White "Fang, Yuxiang"]
[Black "Huang, Renjie"]
[Result "1/2-1/2"]
[WhiteTitle "GM"]
[WhiteElo "2472"]
[BlackElo "2338"]
[WhiteFideId "8605840"]
[BlackFideId "8610134"]
[EventDate "2019.04.16"]

1. Nf3 Nf6 2. g3 g6 3. b3 Bg7 4. Bb2 O-O 5. Bg2 d6 6. d4 c6 7. O-O Nbd7 8. c4
Re8 9. Nc3 e5 10. dxe5 dxe5 11. Ng5 e4 12. Qc1 e3 13. f4 Nc5 14. b4 Ne6 15. b5
c5 16. Nxe6 Bxe6 17. Rd1 Qc8 18. Nd5 Nxd5 19. Bxd5 Bxb2 20. Qxb2 h5 21. Qf6 Qc7
22. a4 Qd8 23. Qxd8 Raxd8 24. Bxe6 fxe6 25. Kg2 Rd2 26. Rxd2 exd2 27. Rd1 Rd8
28. e3 Rd3 29. Kf3 Kf7 30. Ke2 Rc3 31. Kxd2 Ke7 32. Ke2 1/2-1/2

[Event "2nd Longtou Cup 2019"]
[Site "Qinhuangdao CHN"]
[Date "2019.04.22"]
[Round "6.10"]
[White "Zhang, Ziji"]
[Black "Sun, Chao"]
[Result "1/2-1/2"]
[WhiteElo "2414"]
[BlackElo "2063"]
[WhiteFideId "8609470"]
[BlackFideId "8622990"]
[EventDate "2019.04.16"]

1. d4 e6 2. c4 Nf6 3. Nf3 d5 4. Nc3 Bb4 5. cxd5 exd5 6. Bg5 h6 7. Bh4 g5 8. Bg3
Ne4 9. Nd2 Nxc3 10. bxc3 Bxc3 11. Rc1 Ba5 12. h4 g4 13. e3 c6 14. Be2 Rg8 15.
O-O Bc7 16. Bxc7 Qxc7 17. e4 Be6 18. exd5 Bxd5 19. Re1 g3 20. Bc4+ Kd8 21. f3
Qf4 22. Nf1 Nd7 23. Bxd5 cxd5 24. Qa4 Rg6 25. Qa5+ Nb6 26. Qc5 Re6 27. Re5 Rxe5
28. Qc7+ Ke8 29. Qxe5+ Qxe5 30. dxe5 Rc8 31. Re1 Rc2 32. Nxg3 Rxa2 33. h5 d4 34.
Rd1 Nd5 35. Rxd4 Ne3 36. Ne4 Rxg2+ 37. Kh1 Rb2 38. Nf6+ Ke7 39. Ng8+ Ke6 40.
Nxh6 Nf5 41. Nxf5 Kxf5 42. h6 1/2-1/2

[Event "2nd Longtou Cup 2019"]
[Site "Qinhuangdao CHN"]
[Date "2019.04.22"]
[Round "6.12"]
[White "Chu, Wei Chao"]
[Black "Ma, Lin"]
[Result "1/2-1/2"]
[WhiteTitle "IM"]
[WhiteElo "2387"]
[BlackElo "2167"]
[WhiteFideId "8605661"]
[BlackFideId "8610533"]
[EventDate "2019.04.16"]

1. d4 d5 2. Nf3 a6 3. g3 Nf6 4. Bg2 e6 5. c4 dxc4 6. O-O Be7 7. a4 O-O 8. Qc2 c5
9. dxc5 Bxc5 10. Nbd2 Nc6 11. Nxc4 Qe7 12. Nfe5 Nxe5 13. Nxe5 Qc7 14. Be3 Bb6
15. Qxc7 Bxc7 16. Bd4 Rd8 17. Rfc1 Bxe5 18. Bxe5 Nd5 19. e4 Nb4 20. Bc7 Re8 21.
Bd6 Nc6 22. e5 Bd7 23. b4 Rec8 24. f4 Nd8 25. Rcb1 Bc6 26. Bf1 Bd5 27. b5 axb5
28. axb5 f6 29. Rxa8 Rxa8 30. exf6 gxf6 31. Rc1 Nf7 32. Bb4 Nh6 33. b6 Nf5 34.
Bg2 Bxg2 35. Kxg2 Ne3+ 1/2-1/2

[Event "2nd Longtou Cup 2019"]
[Site "Qinhuangdao CHN"]
[Date "2019.04.22"]
[Round "6.13"]
[White "Liu, Zexu"]
[Black "Zhao, Chenxi"]
[Result "1/2-1/2"]
[WhiteElo "2098"]
[BlackElo "2367"]
[WhiteFideId "8605963"]
[BlackFideId "8611513"]
[EventDate "2019.04.16"]

1. d4 Nf6 2. c4 g6 3. Nc3 Bg7 4. e4 d6 5. h3 O-O 6. Be3 c6 7. Nf3 a6 8. c5 b5 9.
cxb6 Qxb6 10. Qd2 a5 11. Bd3 Ba6 12. O-O Bxd3 13. Qxd3 Na6 14. Rab1 Qb7 15. Rfe1
Nd7 16. Qd2 Rfd8 17. Bg5 Nb6 18. b3 c5 19. d5 Qd7 20. Bh6 Bh8 21. Rbd1 Nc7 22.
a4 Rab8 23. Qd3 Qc8 24. Qe3 Nd7 25. Nb1 Rb4 26. Nbd2 Nb6 27. Rc1 Qb7 28. h4 e6
29. Qg5 Qc8 30. e5 dxe5 31. Rxc5 f6 32. Qe3 Nbxd5 33. Qe2 Qb7 34. Rec1 Rd7 35.
Nc4 Rxb3 36. Nxa5 Rb2 37. Qe1 Qb4 38. R5c4 Qxe1+ 39. Nxe1 Bg7 40. Bxg7 Kxg7 41.
Nd3 Ra2 42. Nc5 Rf7 43. Rb1 Nf4 44. Nc6 Ncd5 45. a5 Kh6 46. a6 Rc7 47. Nb8 Ra5
48. Nb7 Ra2 49. Rxc7 Nxc7 50. Rb6 Ncd5 51. Rb5 Nc7 52. Ra5 Rb2 53. Nd7 Nxa6 54.
Nd6 Nc7 55. Nxf6 Ncd5 56. Ng4+ Kh5 57. Nxe5 Kxh4 58. Ra3 Kg5 59. Rf3 Kf6 60. Nd3
Rb1+ 61. Kh2 Ke7 62. Nc8+ Kd7 63. Nxf4 Nxf4 64. Rxf4 Kxc8 65. Rf8+ Kd7 66. Rf7+
Kd6 67. Rxh7 Ke5 68. Rf7 g5 69. Kh3 1/2-1/2

[Event "2nd Longtou Cup 2019"]
[Site "Qinhuangdao CHN"]
[Date "2019.04.22"]
[Round "6.14"]
[White "Wu, Wenjin"]
[Black "Zhang, Xiao"]
[Result "1-0"]
[WhiteTitle "GM"]
[WhiteElo "2345"]
[BlackElo "2141"]
[WhiteFideId "8600716"]
[BlackFideId "8610894"]
[EventDate "2019.04.16"]

1. c4 e5 2. Nc3 Nf6 3. Nf3 Nc6 4. e3 d5 5. cxd5 Nxd5 6. Bb5 Nxc3 7. bxc3 Bd6 8.
e4 O-O 9. O-O f5 10. d3 Qf6 11. Re1 a6 12. Bc4+ Kh8 13. exf5 Bxf5 14. Bd5 e4 15.
dxe4 Bg4 16. Bxc6 Bxf3 17. e5 Bxd1 18. exf6 bxc6 19. fxg7+ Kxg7 20. Rxd1 Be5 21.
Rd7+ Kg6 22. Be3 Rab8 23. g3 Rb2 24. a4 Rc2 25. Rc1 Ra2 26. c4 Rf7 27. Rd8 Rxa4
28. Rc2 Bf6 29. Ra8 Kf5 30. f3 Rd7 31. g4+ Kg6 32. Kg2 Ra3 33. Bc5 Ra4 34. Bf2
Be5 35. Re2 Bf6 36. c5 Kf7 37. Ra7 Be7 38. Kg3 Ra3 39. Re5 Bd8 40. Be3 Rdd3 41.
Rf5+ Kg6 42. Bc1 Ra2 43. h4 Rd1 44. h5+ Kg7 45. Be3 Re2 46. Bg5 Bxg5 47. Rxg5+
Kh6 48. Rf5 Rd7 49. Rf6+ Kg7 50. Rxc6 Ree7 51. h6+ Kf7 52. Raxa6 Rd3 53. Ra7
Rdd7 54. Kh4 Kf8 55. f4 Rf7 56. f5 Ke8 57. Kg5 Rde7 58. Re6 Kd8 59. Ra8+ 1-0

[Event "2nd Longtou Cup 2019"]
[Site "Qinhuangdao CHN"]
[Date "2019.04.22"]
[Round "6.15"]
[White "Mikhalev, Dmitry"]
[Black "Li, Haoyu B."]
[Result "0-1"]
[WhiteTitle "FM"]
[WhiteElo "2360"]
[BlackElo "2095"]
[WhiteFideId "4183134"]
[BlackFideId "8610169"]
[EventDate "2019.04.16"]

1. d4 Nf6 2. c4 e6 3. Nf3 b6 4. g3 Ba6 5. Qa4 c6 6. Nc3 Be7 7. Ne5 O-O 8. Bg2 d5
9. cxd5 cxd5 10. O-O b5 11. Qd1 b4 12. Nb1 Qb6 13. b3 Rc8 14. Bb2 Nc6 15. Re1
Rc7 16. Nxc6 Rxc6 17. Nd2 Rac8 18. e4 Bf8 19. e5 Ne8 20. Nf1 Nc7 21. Ne3 Be7 22.
Qg4 g6 23. h4 h5 24. Qf4 Kg7 25. Bf3 Rf8 26. g4 hxg4 27. Nxg4 Rh8 28. Ne3 Rxh4
29. Qg3 Bd3 30. Kg2 Nb5 31. Bxd5 exd5 32. Nxd5 Qb7 33. Qxd3 Rc2 34. Qxc2 Qxd5+
35. f3 Rg4+ 36. Kf2 Bh4+ 37. Ke2 Rg2+ 0-1

[Event "2nd Longtou Cup 2019"]
[Site "Qinhuangdao CHN"]
[Date "2019.04.22"]
[Round "6.16"]
[White "Li, Yunshan"]
[Black "Bai, Xue"]
[Result "1-0"]
[WhiteTitle "WFM"]
[WhiteElo "2191"]
[BlackElo "2103"]
[WhiteFideId "8607664"]
[BlackFideId "8608717"]
[EventDate "2019.04.16"]

1. d4 Nf6 2. c4 e6 3. g3 c5 4. d5 exd5 5. cxd5 d6 6. Nc3 g6 7. Bg2 Bg7 8. Nf3
O-O 9. O-O Re8 10. Re1 a6 11. a4 Nbd7 12. Bf4 Qe7 13. e4 Nh5 14. Be3 Rb8 15. a5
b5 16. axb6 Nxb6 17. Nd2 Na8 18. Nc4 Nc7 19. Bxc5 dxc5 20. d6 Qd8 21. dxc7 Qxc7
22. Nd5 Qa7 23. Qf3 Be6 24. g4 Nf6 25. Ne5 Bxd5 26. exd5 Rxe5 27. Rxe5 Nxg4 28.
Re2 Ne5 29. Qa3 c4 30. Qd6 Qb6 31. Rxa6 Qxd6 32. Rxd6 Nd3 33. Rc6 Nf4 34. Re7
Bf8 35. Rd7 Nd3 36. Rdc7 Ne5 37. Ra6 Rxb2 38. h3 Kg7 39. d6 Rb1+ 40. Kh2 Rd1 41.
f4 Bxd6 42. Rxd6 Rxd6 43. fxe5 Re6 44. Bd5 Rxe5 45. Rxf7+ Kh6 46. Bxc4 Rc5 47.
Rf4 Rc7 48. Kg3 Kg7 49. Rd4 Ra7 50. Rd3 Rc7 51. Bb5 Rb7 52. Bc6 Rc7 53. Rd6 Ra7
54. Bd7 Kf7 55. Bg4 Kg7 56. Kf4 Ra4+ 57. Ke5 Ra5+ 58. Kd4 Ra7 59. Be6 Kh6 60.
Rd8 Kg5 61. Ke5 Ra5+ 62. Kd6 Kh4 63. Ke7 h5 64. Kf6 g5 65. Rh8 Ra6 66. Ke5 Ra5+
67. Ke4 Ra4+ 68. Ke3 Ra3+ 69. Kf2 Ra6 70. Bd7 Rf6+ 71. Ke3 Rf7 72. Bg4 Re7+ 73.
Kd4 Kg3 74. Rxh5 Kf4 75. Rh6 Re4+ 76. Kd5 Re5+ 77. Kd6 Ra5 78. Ke7 Ra7+ 79. Kf6
Ra5 80. Kg6 Ra8 81. Kh5 Rf8 82. Rh7 Ke5 83. Kxg5 Rg8+ 84. Kh5 Kf6 85. Kh4 Rg7
86. Rh8 Re7 87. Kg3 Kg7 88. Ra8 Rf7 89. h4 Rf8 90. Ra7+ Rf7 91. Ra6 Rf6 92. Ra5
Rf7 93. h5 Kh7 94. Kh4 Rc7 95. Bf5+ Kg7 96. Kg5 Rc1 97. h6+ Kf7 98. Bg6+ 1-0

[Event "2nd Longtou Cup 2019"]
[Site "Qinhuangdao CHN"]
[Date "2019.04.22"]
[Round "6.19"]
[White "Gu, Tianlu"]
[Black "Li, Guohao"]
[Result "1/2-1/2"]
[WhiteTitle "WIM"]
[WhiteElo "2201"]
[BlackElo "2098"]
[WhiteFideId "8603995"]
[BlackFideId "8619999"]
[EventDate "2019.04.16"]

1. Nf3 d5 2. d4 Nf6 3. c4 c6 4. Qc2 g6 5. cxd5 cxd5 6. Ne5 Bg7 7. e3 O-O 8. Bd3
Nfd7 9. Nxd7 Bxd7 10. Nc3 e6 11. O-O Nc6 12. a3 Rc8 13. Bd2 a6 14. Rfc1 e5 15.
dxe5 d4 16. exd4 Nxd4 17. Qd1 Be6 18. Bc2 Bxe5 19. Be3 Nxc2 20. Qxc2 Qh4 21. h3
Rfe8 22. Qa4 Qe7 23. Qe4 Bf5 24. Qf3 b5 25. Nd5 Qd6 26. Rxc8 Bxc8 27. Nc3 Qf6
28. Qxf6 Bxf6 29. Rd1 Kg7 30. Bd4 Be6 31. Bxf6+ Kxf6 32. Rd6 Ra8 33. Rb6 Ke5 34.
a4 bxa4 35. Nxa4 Kd4 36. Rd6+ Ke5 37. Rb6 1/2-1/2

[Event "2nd Longtou Cup 2019"]
[Site "Qinhuangdao CHN"]
[Date "2019.04.22"]
[Round "6.20"]
[White "Zhang, Lanlin"]
[Black "Chen, KaiLin"]
[Result "1-0"]
[WhiteElo "2192"]
[BlackElo "2073"]
[WhiteFideId "8608032"]
[BlackFideId "8620954"]
[EventDate "2019.04.16"]

1. e4 e6 2. d3 d5 3. Nd2 c5 4. g3 Bd6 5. Bg2 Ne7 6. Ne2 O-O 7. O-O Nbc6 8. c3
Bc7 9. d4 cxd4 10. cxd4 dxe4 11. Nxe4 Nd5 12. N2c3 Nce7 13. Qh5 Bd7 14. Nc5 Bc6
15. Bg5 Nxc3 16. Bxc6 Ne2+ 17. Qxe2 bxc6 18. Bxe7 Qxe7 19. Rac1 Bb6 20. Nb3 Rad8
21. Qe4 Qb7 22. Rxc6 Qa6 23. Ra1 Rc8 24. a4 Rxc6 25. Qxc6 Rc8 26. Qe4 h6 27. a5
Bd8 28. Nc5 Qc4 29. b3 Qc3 30. Ra4 Bxa5 31. Nxe6 Bb6 32. Nc5 Bxc5 33. Rc4 Qxb3
34. dxc5 Qb8 35. c6 a5 36. Rd4 Qb6 37. Rd6 Qc5 38. Rd7 Qc1+ 39. Kg2 g6 40. c7
Qg5 41. Qf3 f5 42. Qd5+ 1-0

[Event "2nd Longtou Cup 2019"]
[Site "Qinhuangdao CHN"]
[Date "2019.04.22"]
[Round "6.21"]
[White "Buynitskiy, Daniil"]
[Black "Kirienko, Vladimir"]
[Result "1/2-1/2"]
[WhiteElo "2095"]
[BlackElo "2100"]
[WhiteFideId "24207721"]
[BlackFideId "54197457"]
[EventDate "2019.04.16"]

1. d4 d5 2. c4 c6 3. Nf3 Nf6 4. cxd5 cxd5 5. Nc3 Nc6 6. Bf4 Bf5 7. e3 e6 8. Bb5
Bd6 9. O-O O-O 10. Bxd6 Qxd6 11. Rc1 Rac8 12. a3 a6 13. Bxc6 Rxc6 14. Ne5 Rc7
15. Qb3 Rfc8 16. Ne2 Rxc1 17. Rxc1 Rxc1+ 18. Nxc1 Qc7 19. Qc3 Qxc3 20. bxc3 Bc2
21. c4 1/2-1/2

[Event "2nd Longtou Cup 2019"]
[Site "Qinhuangdao CHN"]
[Date "2019.04.22"]
[Round "6.22"]
[White "Khvostikov, Sergey"]
[Black "Elgendy, Hesham"]
[Result "1-0"]
[WhiteElo "2192"]
[BlackElo "2049"]
[WhiteFideId "4192583"]
[BlackFideId "10600736"]
[EventDate "2019.04.16"]

1. Nf3 d5 2. c4 c6 3. b3 Nf6 4. Bb2 Bf5 5. g3 e6 6. Bg2 Be7 7. O-O O-O 8. d3
Nbd7 9. Nbd2 Qc7 10. Rc1 Ng4 11. Nd4 Bg6 12. cxd5 exd5 13. Bxd5 Qa5 14. Bg2 Bf6
15. Qc2 Rfe8 16. Nc4 Qc5 17. Nf3 Rad8 18. h3 Nge5 19. Ba3 Nxf3+ 20. Bxf3 Qd4 21.
Bb2 Qc5 22. Ba3 Qd4 23. Bb2 Qc5 24. Bxf6 Nxf6 25. Qb2 Qf5 26. Bg2 Qe6 27. Rfe1
h5 28. Ne3 Nh7 29. Rc5 f5 30. Rc4 Rf8 31. Rf4 Nf6 32. Rc1 Bh7 33. Qc3 Nd5 34.
Nxd5 cxd5 35. h4 Rc8 36. Qb2 Rxc1+ 37. Qxc1 Rc8 38. Qe3 Qxe3 39. Bxd5+ Kf8 40.
fxe3 Rc2 41. Kf2 Ke7 42. Bxb7 Rxa2 43. Ra4 Rxa4 44. bxa4 Kd6 45. Kf3 a5 46. Kf4
Bg8 47. Ba6 Be6 48. Bb5 Kc5 49. Ke5 Bb3 50. d4+ Kb4 51. d5 1-0

[Event "2nd Longtou Cup 2019"]
[Site "Qinhuangdao CHN"]
[Date "2019.04.23"]
[Round "7.1"]
[White "Dai, Changren"]
[Black "Idani, Pouya"]
[Result "0-1"]
[WhiteTitle "IM"]
[BlackTitle "GM"]
[WhiteElo "2472"]
[BlackElo "2590"]
[WhiteFideId "8608156"]
[BlackFideId "12510130"]
[EventDate "2019.04.16"]

1. e4 e5 2. Nf3 Nc6 3. Bb5 Nf6 4. O-O Nxe4 5. d4 Nd6 6. Bxc6 dxc6 7. dxe5 Nf5 8.
Qxd8+ Kxd8 9. Nc3 Ke8 10. b3 a5 11. Bb2 h5 12. a4 b6 13. Ne2 Be7 14. Ned4 c5 15.
Nb5 Bd8 16. Rad1 Rh6 17. Bc1 Rg6 18. Rfe1 Bb7 19. Rd3 Nd4 20. Nbxd4 cxd4 21. h4
Rg4 22. e6 Bf6 23. exf7+ Kxf7 24. g3 Re4 25. Rdd1 Rae8 26. Rxe4 Bxe4 27. Ne1 Bf5
28. Bd2 Rxe1+ 29. Rxe1 Bxc2 30. Rc1 d3 31. b4 axb4 32. Bxb4 c5 33. Bd2 Bxa4 34.
Kf1 Bc2 0-1

[Event "2nd Longtou Cup 2019"]
[Site "Qinhuangdao CHN"]
[Date "2019.04.23"]
[Round "7.3"]
[White "Oparin, Grigoriy"]
[Black "Zvjaginsev, Vadim"]
[Result "1/2-1/2"]
[WhiteTitle "GM"]
[BlackTitle "GM"]
[WhiteElo "2624"]
[BlackElo "2641"]
[WhiteFideId "24125890"]
[BlackFideId "4113403"]
[EventDate "2019.04.16"]

1. c4 c5 2. Nc3 Nf6 3. g3 e6 4. Nf3 d5 5. cxd5 Nxd5 6. Bg2 Nc6 7. O-O Qb6 8. Na4
Qa5 9. d3 Be7 10. Bd2 Qd8 11. Qb3 O-O 12. Rfd1 b6 13. Rac1 Nd4 14. Nxd4 cxd4 15.
Qc4 Bf6 16. b4 Bd7 17. Qb3 Rc8 18. b5 h6 19. Rxc8 Bxc8 20. Rc1 Bd7 21. Nb2 Nc3
22. Bxc3 dxc3 23. Nd1 Qc7 1/2-1/2

[Event "2nd Longtou Cup 2019"]
[Site "Qinhuangdao CHN"]
[Date "2019.04.23"]
[Round "7.4"]
[White "Yilmaz, Mustafa"]
[Black "Oleksiyenko, Mykhaylo"]
[Result "1/2-1/2"]
[WhiteTitle "GM"]
[BlackTitle "GM"]
[WhiteElo "2631"]
[BlackElo "2598"]
[WhiteFideId "6302718"]
[BlackFideId "4152417"]
[EventDate "2019.04.16"]

1. d4 Nf6 2. c4 g6 3. Nc3 Bg7 4. e4 d6 5. Be2 O-O 6. Be3 c5 7. dxc5 Qa5 8. Bd2
Qxc5 9. Nf3 Bg4 10. Be3 Qc7 11. Rc1 Nc6 12. O-O Rfc8 13. b3 Qa5 14. Bd2 Qd8 15.
Re1 a6 16. h3 Bxf3 17. Bxf3 Rab8 18. Be2 Nd7 19. Bf1 Nc5 20. a3 Nd4 21. Rb1 b5
22. cxb5 Nxb5 23. Nxb5 axb5 24. Qf3 Qd7 25. Rec1 Qe6 26. Re1 Bd4 27. Bb4 Qe5 28.
Rbd1 Ne6 29. Rd2 Bc5 30. Rd5 Qb2 31. Rd2 Qg7 32. Bxc5 dxc5 33. e5 Nd4 34. Qc3
Qh6 35. b4 Qg5 36. Rd3 Ne6 37. Rg3 Qh4 38. Rg4 Qh5 39. bxc5 Rxc5 40. Qg3 Rd8 41.
a4 bxa4 42. Rxa4 Rd1 43. Ra1 Rxa1 44. Rxa1 Qxe5 45. Qxe5 Rxe5 46. Bc4 Nf4 47. h4
Rc5 48. Ra4 e6 49. g3 Nh5 50. Be2 Nf6 51. Rc4 Rxc4 52. Bxc4 Kg7 53. Kg2 Nd5 54.
Kf3 h6 55. Ke4 Nf6+ 56. Kf4 Kf8 57. Be2 Nd5+ 58. Ke5 Ke7 59. Bd3 Nf6 60. Be2
Nd7+ 61. Kd4 Kd6 62. Ke3 Nf6 63. Bb5 Nd5+ 64. Kd4 e5+ 65. Kd3 f5 66. Be8 g5 67.
hxg5 hxg5 68. Bf7 Nf6 69. Ke3 Ng4+ 70. Ke2 e4 71. Bg6 Ke5 72. Be8 Nh2 73. Bd7
Nf3 74. Bc8 Nd4+ 75. Ke3 Nb5 76. Bd7 f4+ 77. gxf4+ gxf4+ 78. Kd2 Nd6 79. Bc6 Kd4
80. Ke2 Nc4 81. Bb7 Nb6 82. Bc6 Nd5 83. Bb7 Nc3+ 84. Kd2 f3 85. Ke1 Na4 86. Bc6
Nc5 87. Kf1 Kc3 88. Ke1 Kc2 89. Bd5 Kd3 90. Bc6 Nb3 91. Bb5+ Kc3 92. Bc6 Nc5 93.
Bd5 Kc2 94. Bc6 Nd3+ 1/2-1/2

[Event "2nd Longtou Cup 2019"]
[Site "Qinhuangdao CHN"]
[Date "2019.04.23"]
[Round "7.5"]
[White "Chen, Qi b"]
[Black "Lu, Shanglei"]
[Result "1/2-1/2"]
[BlackTitle "GM"]
[WhiteElo "2424"]
[BlackElo "2625"]
[WhiteFideId "8614733"]
[BlackFideId "8603332"]
[EventDate "2019.04.16"]

1. e4 c5 2. Nf3 e6 3. Nc3 a6 4. Be2 b5 5. d4 cxd4 6. Qxd4 Nc6 7. Qe3 Qc7 8. O-O
Nf6 9. Rd1 Ng4 10. Qg5 h5 11. h3 Be7 12. Qd2 Bc5 13. Qg5 Be7 14. Qd2 Bc5 15. Qg5
Be7 1/2-1/2

[Event "2nd Longtou Cup 2019"]
[Site "Qinhuangdao CHN"]
[Date "2019.04.23"]
[Round "7.6"]
[White "Can, Emre"]
[Black "Karthik, Venkataraman"]
[Result "1-0"]
[WhiteTitle "GM"]
[BlackTitle "GM"]
[WhiteElo "2599"]
[BlackElo "2505"]
[WhiteFideId "6302181"]
[BlackFideId "25006479"]
[EventDate "2019.04.16"]

1. Nf3 c5 2. c4 g6 3. d4 cxd4 4. Nxd4 Nc6 5. e4 Bg7 6. Be3 Nf6 7. Nc3 O-O 8. Be2
d6 9. O-O Bd7 10. Nc2 Be6 11. f3 Nd7 12. Qd2 Qa5 13. Rab1 Rfc8 14. b4 Qd8 15. f4
Nf6 16. Kh1 a5 17. b5 Nb8 18. Na3 Nbd7 19. f5 Nxe4 20. Nxe4 Bxf5 21. Bf3 Ne5 22.
Rbc1 Qd7 23. Bd4 d5 24. Bxe5 Bxe5 25. Ng3 Bxg3 26. hxg3 Qd6 27. g4 Qxa3 28. gxf5
Rxc4 29. fxg6 Rh4+ 30. Kg1 hxg6 31. Bxd5 e6 32. Qf2 Rh7 33. Bxb7 Rb8 34. Bc6 Qf8
35. Rc3 1-0